| 000 | 00914cam a22001814a 4500 | ||
|---|---|---|---|
| 005 | 20250605164029.0 | ||
| 008 | 250528s ||||||||||||||||||||||||d | ||
| 035 | _a16555 | ||
| 040 |
_aGR-AtMCL _bgre _dGR-AtMCL _eAACR2 |
||
| 245 | 1 | _aUnix / Άμεση Δράση και Πρώτες Βοήθειες | |
| 260 |
_bΑθήνα, _c1990 |
||
| 300 | _a136 | ||
| 520 | _aΣύνδεση - Αποσύνδεση - Ασφάλεια, Αυτοματισμός Γραφείου, Επικοινωνία, Χειρισμός Αρχείων, Εκτυπώσεις, Χειρισμός Strings, Πληροφορίες Συστήματος, Αντίγραφα Ασφαλείας (Backup), Χειρισμός Εργασιών, Shell, Προγραμματισμός, Editors, Διαχείριση Συστήματος, Ευρετήριο. | ||
| 700 | 1 |
_aΛιβαδάς Κ _9853 |
|
| 942 | _cBK | ||
| 999 |
_c2047 _d2047 |
||